[Event "91st GER-ch 2020"]
[Site "Magdeburg"]
[Date "2020.08.19"]
[Round "5.15"]
[White "Gustain, Marc"]
[Black "Trifan, Andrei Ioan"]
[Result "0-1"]
[WhiteElo "2173"]
[BlackElo "2249"]
[Annotator "ChessBase"]
[PlyCount "108"]
[EventDate "2020.08.16"]
[EventType "swiss"]
[EventCountry "GER"]
[SourceTitle "playchess.com"]
[Source "ChessBase"]
[SourceQuality "1"]
[TimeControl "40/5400+30:1800+30"]

1. e4 {[%emt 0:00:00]} e5 {[%emt 0:00:00]} 2. Nf3 {[%emt 0:00:00]} Nc6 {[%emt 0:01:11]} 3. Bc4 {[%emt 0:00:00]} Bc5 {[%emt 0:00:36]} 4. O-O {[%emt 0:00:36]} d6 {[%emt 0:06:21]} 5. d3 {[%emt 0:02:52]} Nf6 {[%emt 0:00:53]} 6. c3 {[%emt 0:00:22]} a6 {[%emt 0:02:00]} 7. a4 {[%emt 0:04:58]} Ba7 {[%emt 0:03:53]} 8. Re1 {[%emt 0:07:46]} h6 {[%emt 0:04:22]} 9. Be3 {[%emt 0:05:57]} Bxe3 {[%emt 0:04:03]} 10. Rxe3 {[%emt 0:02:17]} O-O {[%emt 0:01:51]} 11. Nbd2 {[%emt 0:02:59]} Re8 {[%emt 0:06:02]} 12. Nf1 {[%emt 0:04:19]} Be6 {[%emt 0:07:23]} 13. Bxe6 {[%emt 0:02:15]} Rxe6 {[%emt 0:00:50]} 14. Ng3 {[%emt 0:02:23]} d5 {[%emt 0:04:14]} 15. Qc2 {[%emt 0:06:52]} Qd7 {[%emt 0:04:29]} 16. Rd1 {[%emt 0:05:11]} Rd8 {[%emt 0:04:43]} 17. Ree1 {[%emt 0:02:46]} g6 {[%emt 0:01:04]} 18. h4 {[%emt 0:07:18]} Rd6 {[%emt 0:08:22]} 19. d4 {[%emt 0:11:11]} dxe4 {[%emt 0:05:39]} 20. Nxe4 {[%emt 0:00:26]} Nxe4 {[%emt 0:01:40]} 21. Qxe4 {[%emt 0:04:00]} exd4 {[%emt 0:01:03]} 22. Nxd4 {[%emt 0:01:01]} Nxd4 {[%emt 0:05:10]} 23. Rxd4 {[%emt 0:01:24]} Rxd4 {[%emt 0:00:38]} 24. cxd4 {[%emt 0:00:49]} c6 {[%emt 0:02:24]} 25. Qf4 {[%emt 0:09:16]} Qxd4 {[%emt 0:03:14]} 26. Qxh6 {[%emt 0:00:40]} Qxa4 {[%emt 0:02:39]} 27. g3 {[%emt 0:08:09]} Rd1 {[%emt 0:05:00]} 28. Qe3 {[%emt 0:00:34]} Rxe1+ {[%emt 0:02:24]} 29. Qxe1 {[%emt 0:00:03]} Qd4 {[%emt 0:00:14]} 30. Qe2 {[%emt 0:03:28]} a5 {[%emt 0:02:07]} 31. h5 {[%emt 0:01:03]} gxh5 {[%emt 0:01:03]} 32. Qxh5 {[%emt 0:00:14]} a4 {[%emt 0:00:52]} 33. Qf5 {[%emt 0:02:15]} Qxb2 {[%emt 0:04:18]} 34. Qg5+ {[%emt 0:00:50]} Qg7 {[%emt 0:00:36]} 35. Qd8+ {[%emt 0:00:09]} Qf8 {[%emt 0:00:14]} 36. Qg5+ {[%emt 0:00:09]} Qg7 {[%emt 0:00:03]} 37. Qd8+ {[%emt 0:00:11]} Kh7 {[%emt 0:02:15]} 38. Qh4+ {[%emt 0:00:11]} Qh6 {[%emt 0:00:55]} 39. Qxa4 {[%emt 0:00:14]} b5 {[%emt 0:00:54]} 40. Qe4+ {[%emt 0:00:30]} Kg8 {[%emt 0:00:48]} 41. Qd4 {[%emt 0:08:53]} Qg5 {[%emt 0:02:37]} 42. Qd7 {[%emt 0:02:33]} Qd5 {[%emt 0:04:07]} 43. Qc8+ {[%emt 0:01:33]} Kg7 {[%emt 0:00:12]} 44. f4 {[%emt 0:01:21]} b4 {[%emt 0:00:58]} 45. Qg4+ {[%emt 0:01:24]} Kf6 {[%emt 0:02:45]} 46. Qh4+ {[%emt 0:00:12]} Kf5 {[%emt 0:02:42]} 47. Qh5+ {[%emt 0:09:57]} Ke4 {[%emt 0:00:35]} 48. Qe2+ {[%emt 0:01:07]} Kd4 {[%emt 0:00:16]} 49. g4 {[%emt 0:01:14]} b3 {[%emt 0:00:25]} 50. g5 {[%emt 0:01:51]} Kc3 {[%emt 0:03:24]} 51. Qe1+ {[%emt 0:00:41]} Qd2 {[%emt 0:00:58]} 52. Qa1+ {[%emt 0:00:22]} b2 {[%emt 0:02:58]} 53. Qa5+ {[%emt 0:01:33]} Kc2 {[%emt 0:00:37]} 54. Qa4+ {[%emt 0:01:29]} Kc1 {[%emt 0:02:44]} 0-1

[Event "91st GER-ch 2020"]
[Site "Magdeburg"]
[Date "2020.08.19"]
[Round "5.16"]
[White "Koellner, Ruben Gideon"]
[Black "Schulte, Felix"]
[Result "1/2-1/2"]
[WhiteElo "2376"]
[BlackElo "2174"]
[Annotator "ChessBase"]
[PlyCount "125"]
[EventDate "2020.08.16"]
[EventType "swiss"]
[EventCountry "GER"]
[SourceTitle "playchess.com"]
[Source "ChessBase"]
[SourceQuality "1"]
[TimeControl "40/5400+30:1800+30"]

1. d4 {[%emt 0:00:00]} Nf6 {[%emt 0:00:00]} 2. Nc3 {[%emt 0:00:00]} d5 {[%emt 0:00:00]} 3. Bf4 {[%emt 0:00:00]} c6 {[%emt 0:01:11]} 4. e3 {[%emt 0:00:01]} g6 {[%emt 0:00:32]} 5. Nf3 {[%emt 0:00:55]} Bg7 {[%emt 0:00:22]} 6. h4 {[%emt 0:00:18]} Bg4 {[%emt 0:02:17]} 7. Be2 {[%emt 0:00:08]} Nbd7 {[%emt 0:01:47]} 8. Ne5 {[%emt 0:00:31]} Bxe2 {[%emt 0:02:55]} 9. Qxe2 {[%emt 0:00:06]} Qa5 {[%emt 0:06:31]} 10. f3 {[%emt 0:01:34]} Nh5 {[%emt 0:20:06]} 11. Bh2 {[%emt 0:05:04]} Bxe5 {[%emt 0:05:44]} 12. dxe5 {[%emt 0:00:10]} Qb4 {[%emt 0:01:08]} 13. O-O-O {[%emt 0:00:56]} Nc5 {[%emt 0:08:39]} 14. a3 {[%emt 0:06:45]} Qb6 {[%emt 0:02:47]} 15. Kb1 {[%emt 0:01:41]} O-O-O {[%emt 0:01:49]} 16. Qf2 {[%emt 0:01:58]} Ng7 {[%emt 0:03:05]} 17. e4 {[%emt 0:02:54]} Na4 {[%emt 0:02:07]} 18. Qxb6 {[%emt 0:00:15]} Nxc3+ {[%emt 0:00:15]} 19. bxc3 {[%emt 0:00:03]} axb6 {[%emt 0:00:07]} 20. exd5 {[%emt 0:00:41]} Rxd5 {[%emt 0:03:54]} 21. Rxd5 {[%emt 0:00:06]} cxd5 {[%emt 0:00:02]} 22. Rd1 {[%emt 0:03:58]} Rd8 {[%emt 0:00:35]} 23. Bg1 {[%emt 0:00:22]} Kc7 {[%emt 0:01:44]} 24. c4 {[%emt 0:00:10]} Kc6 {[%emt 0:01:02]} 25. Ka2 {[%emt 0:04:52]} Ne6 {[%emt 0:00:38]} 26. cxd5+ {[%emt 0:02:41]} Rxd5 {[%emt 0:00:13]} 27. Rxd5 {[%emt 0:00:02]} Kxd5 {[%emt 0:00:10]} 28. Bxb6 {[%emt 0:00:05]} Kxe5 {[%emt 0:00:28]} 29. Kb3 {[%emt 0:00:21]} Kd5 {[%emt 0:04:33]} 30. Kb4 {[%emt 0:02:41]} Kc6 {[%emt 0:00:23]} 31. Be3 {[%emt 0:00:13]} Nc7 {[%emt 0:02:13]} 32. Kc4 {[%emt 0:01:15]} f6 {[%emt 0:08:49]} 33. a4 {[%emt 0:03:25]} Nd5 {[%emt 0:01:15]} 34. Bh6 {[%emt 0:07:46]} Nc7 {[%emt 0:07:11]} 35. Bf8 {[%emt 0:02:58]} Kd7 {[%emt 0:00:30]} 36. g3 {[%emt 0:06:02]} Ne6 {[%emt 0:00:09]} 37. Bh6 {[%emt 0:00:04]} Kc6 {[%emt 0:00:06]} 38. Bc1 {[%emt 0:02:39]} Ng7 {[%emt 0:03:04]} 39. g4 {[%emt 0:01:27]} e5 {[%emt 0:02:47]} 40. g5 {[%emt 0:06:27]} fxg5 {[%emt 0:03:17]} 41. hxg5 {[%emt 0:30:07]} Nf5 {[%emt 0:30:57]} 42. Kd3 {[%emt 0:11:35]} Nd6 {[%emt 0:03:53]} 43. f4 {[%emt 0:05:32]} Kd5 {[%emt 0:01:13]} 44. fxe5 {[%emt 0:00:57]} Kxe5 {[%emt 0:00:50]} 45. c4 {[%emt 0:03:05]} Nf7 {[%emt 0:00:00]} 46. Kc3 {[%emt 0:00:00]} Kd6 {[%emt 0:00:00]} 47. Kd4 {[%emt 0:00:00]} Kc6 {[%emt 0:00:00]} 48. Bf4 {[%emt 0:00:00]} Nd8 {[%emt 0:00:00]} 49. Be3 {[%emt 0:00:00]} Kd6 {[%emt 0:00:00]} 50. c5+ {[%emt 0:00:00]} Kc6 {[%emt 0:00:00]} 51. Ke5 {[%emt 0:00:00]} h6 {[%emt 0:00:00]} 52. gxh6 {[%emt 0:00:00]} Nf7+ {[%emt 0:00:00]} 53. Kd4 {[%emt 0:00:00]} Nxh6 {[%emt 0:00:00]} 54. Bxh6 {[%emt 0:00:00]} b6 {[%emt 0:00:00]} 55. a5 {[%emt 0:00:00]} bxc5+ 56. Kc4 {[%emt 0:00:00]} Kb7 {[%emt 0:00:00]} 57. Kxc5 {[%emt 0:00:00]} Ka6 {[%emt 0:00:00]} 58. Kb4 {[%emt 0:00:00]} Kb7 {[%emt 0:00:00]} 59. Kb5 {[%emt 0:00:00]} g5 {[%emt 0:00:00]} 60. a6+ {[%emt 0:00:00]} Ka7 {[%emt 0:00:00]} 61. Bxg5 {[%emt 0:00:00]} Kb8 {[%emt 0:00:00]} 62. Kb6 {[%emt 0:00:00]} Ka8 {[%emt 0:00:00]} 63. Bf4 {[%emt 0:00:00]} 1/2-1/2

[Event "91st GER-ch 2020"]
[Site "Magdeburg"]
[Date "2020.08.19"]
[Round "5.17"]
[White "Michalowski, Peter"]
[Black "Falke, Isaak"]
[Result "1/2-1/2"]
[WhiteElo "2106"]
[BlackElo "2113"]
[Annotator "ChessBase"]
[PlyCount "81"]
[EventDate "2020.08.16"]
[EventType "swiss"]
[EventCountry "GER"]
[SourceTitle "playchess.com"]
[Source "ChessBase"]
[SourceQuality "1"]
[TimeControl "40/5400+30:1800+30"]

1. e4 {[%emt 0:00:00]} c6 {[%emt 0:04:14]} 2. d4 {[%emt 0:07:35]} d5 {[%emt 0:00:51]} 3. exd5 {[%emt 0:00:09]} cxd5 {[%emt 0:00:55]} 4. Bd3 {[%emt 0:03:00]} Nf6 {[%emt 0:05:17]} 5. h3 {[%emt 0:00:11]} Nc6 {[%emt 0:11:10]} 6. c3 {[%emt 0:02:36]} e6 {[%emt 0:11:26]} 7. Nf3 {[%emt 0:11:18]} Bd6 {[%emt 0:00:14]} 8. O-O {[%emt 0:00:11]} O-O {[%emt 0:03:11]} 9. Re1 {[%emt 0:03:21]} Qc7 {[%emt 0:14:48]} 10. Nbd2 {[%emt 0:30:42]} Rb8 {[%emt 0:08:43]} 11. Qe2 {[%emt 0:07:24]} Nh5 {[%emt 0:06:02]} 12. Nf1 {[%emt 0:05:54]} Nf4 {[%emt 0:00:36]} 13. Bxf4 {[%emt 0:00:10]} Bxf4 {[%emt 0:00:02]} 14. Ne5 {[%emt 0:04:07]} f6 {[%emt 0:04:03]} 15. Nxc6 {[%emt 0:03:38]} bxc6 {[%emt 0:00:06]} 16. Qc2 {[%emt 0:03:42]} g6 {[%emt 0:04:02]} 17. c4 {[%emt 0:01:16]} Qb7 {[%emt 0:09:06]} 18. b3 {[%emt 0:01:05]} e5 {[%emt 0:01:52]} 19. dxe5 {[%emt 0:05:16]} fxe5 {[%emt 0:00:32]} 20. cxd5 {[%emt 0:01:23]} cxd5 {[%emt 0:00:15]} 21. Ne3 {[%emt 0:00:52]} e4 {[%emt 0:03:27]} 22. Bf1 {[%emt 0:00:26]} Be6 {[%emt 0:01:19]} 23. Rad1 {[%emt 0:00:52]} Rbd8 {[%emt 0:03:25]} 24. g3 {[%emt 0:02:09]} Be5 {[%emt 0:01:57]} 25. Bg2 {[%emt 0:00:28]} Rc8 {[%emt 0:01:07]} 26. Qb1 {[%emt 0:00:10]} Rcd8 {[%emt 0:01:42]} 27. Re2 {[%emt 0:01:12]} Bf5 {[%emt 0:00:52]} 28. g4 {[%emt 0:00:46]} Be6 {[%emt 0:00:08]} 29. Nc2 {[%emt 0:01:55]} Qf7 {[%emt 0:00:29]} 30. Nd4 {[%emt 0:00:24]} Bd7 {[%emt 0:00:42]} 31. Qc1 {[%emt 0:00:54]} Rc8 {[%emt 0:00:16]} 32. Qa3 {[%emt 0:00:48]} Qf4 {[%emt 0:01:33]} 33. Qxa7 {[%emt 0:01:17]} Rc1 {[%emt 0:00:51]} 34. Rxc1 {[%emt 0:00:47]} Qxc1+ {[%emt 0:00:02]} 35. Bf1 {[%emt 0:00:09]} Rf7 {[%emt 0:00:26]} 36. Qa8+ {[%emt 0:00:16]} Kg7 {[%emt 0:00:23]} 37. Qxd5 {[%emt 0:00:09]} Qf4 {[%emt 0:01:31]} 38. Bg2 {[%emt 0:00:12]} Qc1+ {[%emt 0:00:13]} 39. Bf1 {[%emt 0:00:10]} Qf4 {[%emt 0:00:03]} 40. Bg2 {[%emt 0:02:28]} Qc1+ 41. Bf1 1/2-1/2

[Event "91st GER-ch 2020"]
[Site "Magdeburg"]
[Date "2020.08.20"]
[Round "6.1"]
[White "Graf, Alexander"]
[Black "Parvanyan, Ashot"]
[Result "1-0"]
[WhiteElo "2569"]
[BlackElo "2449"]
[Annotator "TA"]
[PlyCount "71"]
[EventDate "2020.08.16"]
[EventType "swiss"]
[EventCountry "GER"]
[SourceTitle "playchess.com"]
[Source "ChessBase"]
[SourceQuality "1"]

{[%evp 16,71,8,4,16,10,29,7,15,15,25,19,2,0,0,-7,22,12,29,25,47,45,47,46,88,104,87,95,93,104,104,115,114,95,182,185,168,92,129,1,5,-153,170,0,344,383,463,477,447,452,426,9,583,590,566,542,29985,29986]} 1. Nf3 Nf6 2. c4 g6 3. b3 Bg7 4. Bb2 O-O 5. g3 d6 6. Bg2 e5 7. Nc3 Re8 8. d3 Nc6 9. O-O a6 {[#] A15: English Opening: 1...Nf6.} 10. Rc1 $146 ({Predecessor:} 10. e3 Rb8 11. d4 exd4 12. exd4 b5 13. d5 Ne7 14. cxb5 Nfxd5 15. Qd2 Nxc3 16. Bxc3 Bxc3 17. Qxc3 Rxb5 {0-1 (62) Moussard,J (2506)-Duda,J (2666) Drancy 2016}) 10... Bd7 11. Nd2 Rb8 {The position is equal.} 12. a3 Ne7 13. b4 {[%cal Bb3b4,Bb4b5][%mdl 32]} h5 14. a4 h4 15. b5 hxg3 16. hxg3 Bh6 17. e3 Bg4 18. Bf3 Bh3 19. Re1 Qd7 20. d4 exd4 21. Nde4 Nh7 22. Nd5 (22. Qxd4 Bg7 $11) 22... Nxd5 23. Qxd4 {[%csl Gb2][%cal Rd4h8]} (23. cxd5 f5 $17) 23... Re5 {Strongly threatening ...Qf5.} 24. cxd5 Rbe8 (24... Bg7 $16 {was called for.}) 25. Bh1 $36 {[%mdl 2048] White is in control.} f5 {[#]} 26. Nd2 (26. Nxd6 $1 $18 {[%mdl 512]} Qxd6 (26... cxd6 27. Qh4) 27. bxa6) 26... f4 $16 27. Nc4 ({White should play} 27. gxf4 $16 Qg4+ 28. Kh2) 27... fxg3 $11 28. f4 $2 {[#]} ({Better is} 28. f3 $11 Bg7 29. Nxe5 Bxe5 30. Qd2) 28... Qf5 $2 (28... Bxf4 $1 $17 {[%mdl 512] and life is bright.} 29. Qxf4 Rh5) 29. Re2 $2 (29. Nxe5 $18 {aiming for Ng4!} dxe5 30. Qc4 axb5 31. axb5 (31. Qxb5 Rf8 $16) (31. Qxc7 g2 $11 {[%mdl 64] Decoy})) 29... Qg4 $2 {[%mdl 8192]} (29... Bg4 $2 30. Rd2 $18) (29... Qh5 $1 $11 30. Rd2 (30. Nxe5 $2 Qxe2 31. Ng4 Re5 $19) 30... Ng5 31. fxg5 (31. fxe5 $2 g2 $19) (31. Nxe5 dxe5 32. Qc4 g2 $11) 31... Qxg5) 30. Rce1 $18 (30. Nxe5 $2 Qxe2 31. Ng4 Re5 $1 $19 {[%mdl 512]}) 30... Rf8 {[%cal Rh6f4] Hoping for ...Bxf4!} 31. Nxe5 (31. fxe5 $2 {[#] is a self mate.} Qxe2 $1 {[%mdl 512]} 32. Qd2 Rf1+ 33. Rxf1 Qxf1#) 31... dxe5 32. Qxe5 Nf6 33. Qxc7 $2 (33. bxa6 $18 bxa6 34. Qxc7) 33... Nh5 $2 {[%mdl 8192]} (33... g2 $1 $11 {and Black stays safe.} 34. Rxg2 (34. Bxg2 Qg3 $16) 34... Bxg2 35. Bxg2 Rc8 36. Qxc8+ (36. Qxb7 Rc2 $11 {[%mdl 64] Double Attack}) 36... Qxc8 37. Bxf6 Qf5) 34. d6 {And now Bd5+ would win.} g2 35. Bxg2 Bxf4 36. exf4 {Accuracy: White = 66%, Black = 53%.} 1-0

[Event "91st GER-ch 2020"]
[Site "Magdeburg"]
[Date "2020.08.20"]
[Round "6.2"]
[White "Miller, Eduard"]
[Black "Engel, Luis"]
[Result "0-1"]
[WhiteElo "2392"]
[BlackElo "2532"]
[Annotator "TA"]
[PlyCount "98"]
[EventDate "2020.08.16"]
[EventType "swiss"]
[EventCountry "GER"]
[SourceTitle "playchess.com"]
[Source "ChessBase"]
[SourceQuality "1"]

{[%evp 13,98,0,3,0,0,-13,-13,-35,-29,-35,-34,-31,-30,-24,-34,-82,-77,-85,-92,-63,-68,-71,-69,-74,-56,-74,-64,-74,-70,-70,-56,-96,0,-60,-56,-91,-87,-96,-87,-87,-87,-88,-91,-87,-87,-87,-96,-106,-87,-144,-150,-150,-114,-137,-137,-137,-123,-491,-491,-490,-321,-491,-490,-481,-473,-452,-406,-5189,-5189,-1971,-1843,-3234,-2090,-29978,-29979,-29979,-29980,-29980,-29981,-29979,-1241,-29979,-29981,-29985,-29980,-29986,-29979]} 1. e4 c5 2. Nf3 d6 3. d4 cxd4 4. Nxd4 Nf6 5. Nc3 Nc6 6. Bc4 Qb6 7. Nde2 e6 8. Be3 {B57: Classical Sicilian: Sozin with 6...Qb6.} (8. Bf4 {looks sharper.} Ne5 9. Bb3 Be7 10. Be3 Qc7 11. O-O) 8... Qc7 9. Bb3 a6 10. h3 {The position is equal.} b5 11. a3 Bb7 {[#]} 12. O-O $146 ({Predecessor:} 12. g4 Na5 13. Qd3 Rc8 14. Bd4 Nd7 15. Ba2 Ne5 16. Qg3 Be7 17. O-O-O Bxe4 18. f4 Bxh1 19. fxe5 dxe5 20. Bxe5 {0-1 (53) Do Valle Cardoso,L (2132)-Escalante Ramirez,B (2447) Sao Paulo 2019}) 12... Na5 13. Ng3 Be7 14. f4 h5 15. f5 {[#]} Nc4 $1 {[%cal Rc4e3]} 16. Bxc4 Qxc4 17. fxe6 fxe6 18. Rf4 g5 19. Rf2 h4 ({Don't play} 19... Nxe4 $6 20. Ngxe4 (20. Qf3 Rf8 $11) 20... Bxe4 21. Qd4 $14) 20. Nf1 $1 Nxe4 21. Nxe4 Qxe4 22. Qd2 Kd7 (22... Qd5 $17 23. Nh2 Qxd2 24. Bxd2 Rf8 25. Rxf8+ Kxf8) 23. Nh2 (23. Bxg5 $11 Raf8 24. Bxe7 Kxe7 25. Re1) 23... Rhf8 24. Raf1 Rxf2 25. Rxf2 Qd5 $36 {[%mdl 2048] Keeping White busy.} 26. Ng4 Qxd2 27. Bxd2 Be4 28. Nf6+ Bxf6 $1 29. Rxf6 $17 {[%mdl 4096] Endgame KRB-KRB} Rg8 30. Rf7+ Kc6 31. Kf2 ({White should try} 31. Bb4) 31... g4 32. Rf4 Kd5 33. Rxg4 Rxg4 34. hxg4 Bxc2 {KB-KB} 35. Bg5 $2 {[%mdl 8192] [#] Now White is beyond hope.} (35. Ke2 $17) 35... Bd1 $1 $19 {[%cal Rd1g4]} 36. Bxh4 Bxg4 37. Ke3 (37. Kg3 $142 Bf5 38. Kf4) 37... e5 38. Be1 Ke6 39. Kd3 d5 40. Kc3 (40. Bb4 $142 Bh5 41. Ba5) 40... d4+ 41. Kb4 Kd5 42. a4 Bd7 43. axb5 axb5 44. Kb3 e4 45. Kc2 e3 46. Kd3 Bf5+ 47. Ke2 Ke4 {Black mates.} 48. Ba5 d3+ 49. Ke1 Kd5 {Accuracy: White = 58%, Black = 95%.} 0-1

[Event "91st GER-ch 2020"]
[Site "Magdeburg"]
[Date "2020.08.20"]
[Round "6.3"]
[White "Siebrecht, Sebastian"]
[Black "Dobrikov, Marco"]
[Result "1-0"]
[WhiteElo "2417"]
[BlackElo "2290"]
[Annotator "TA"]
[PlyCount "61"]
[EventDate "2020.08.16"]
[EventType "swiss"]
[EventCountry "GER"]
[SourceTitle "playchess.com"]
[Source "ChessBase"]
[SourceQuality "1"]

{[%evp 9,61,-8,0,-22,10,-4,29,-7,-14,-5,-18,-23,-9,-9,32,-40,-36,-44,-26,-72,-72,-74,-72,-151,-128,-118,-8,-95,-112,-85,143,114,238,86,57,-97,618,575,723,750,721,713,5130,4898,29978,29979,29977,29978,29975,29968,29995,29996,29998,29999]} 1. d4 Nf6 2. c4 g6 3. Nc3 d5 4. e3 Bg7 5. Bd2 O-O 6. Rc1 {D80: Grünfeld: Unusual White 4th moves and 4 Bg5.} dxc4 7. Bxc4 a6 {[#]} 8. b4 $146 {White has an edge.} ({Predecessor:} 8. a4 b6 9. Nge2 Bb7 10. O-O Nbd7 11. b4 c5 12. b5 a5 13. Qb3 Rc8 14. Rfd1 {0-1 (34) Shoshin,K (1919)-Astafurov,A (2182) Moscow 2018}) 8... Nc6 9. a3 e5 10. d5 Ne7 {[%cal Re7d5]} 11. e4 $1 Ne8 12. f4 (12. Nf3 $14) 12... Nd6 $36 {[%mdl 2048] White is under pressure.} 13. Bb3 exf4 {And now ...Re8 would win.} 14. Bxf4 Bxc3+ 15. Rxc3 Nxe4 16. Rxc7 (16. Rc1 $142) 16... Nf5 {...Re8 is the strong threat.} 17. Nf3 g5 (17... Ned6 $17 18. Qc1 Re8+ 19. Kf2 Nb5) 18. Nxg5 (18. Be5 $11 {was the only way to keep the balance.}) 18... Nxg5 $17 19. O-O {[#]} Ng7 $2 {[#]} (19... Nd6 $1 $17 {keeps the pressure on.} 20. Qh5 f6 21. Bxd6 Qxd6) 20. Bc2 $1 $16 {[%mdl 1024] White has strong compensation.} f6 (20... a5 $16 {was worth a try.}) 21. h4 $2 (21. Qd3 $18 {is more deadly.} f5 22. Bb3) 21... Nf7 22. h5 $2 (22. Qd3 $2 Bf5 $17) (22. d6 $14 {keeps the upper hand.} Be6 23. h5 (23. Rxb7 f5 $11) (23. Qd3 Bf5 $15)) 22... Ne5 $2 {[%mdl 8192]} (22... Nd6 $17 23. Rc5 Kh8) 23. d6 $18 Bg4 24. Qd5+ {[%mdl 64] Double Attack} Nf7 25. h6 Ne8 {[#]} 26. Bxh7+ $1 {[%mdl 576] Deflection} Kxh7 27. Rxf7+ {White mates.} Rxf7 28. Qxf7+ Kh8 29. Re1 Qb6+ 30. Kh2 Qb5 {[#]} 31. Rxe8+ $1 {[%mdl 576] Remove Defender. Accuracy: White = 54%, Black = 41%.} 1-0

[Event "91st GER-ch 2020"]
[Site "Magdeburg"]
[Date "2020.08.20"]
[Round "6.4"]
[White "Mons, Leon"]
[Black "Heinemann, Thies"]
[Result "1/2-1/2"]
[WhiteElo "2540"]
[BlackElo "2507"]
[Annotator "TA"]
[PlyCount "119"]
[EventDate "2020.08.16"]
[EventType "swiss"]
[EventCountry "GER"]
[SourceTitle "playchess.com"]
[Source "ChessBase"]
[SourceQuality "1"]

{[%evp 12,118,12,0,29,34,66,63,65,46,117,65,89,61,60,74,68,74,74,31,47,43,44,39,60,47,46,47,41,45,42,38,44,39,39,39,41,39,46,39,41,43,47,34,44,30,33,33,45,30,46,46,52,56,68,67,81,38,127,128,109,8,8,8,8,0,0,0,0,0,0,0,0,0,0,0,0,0,8,8,8,8,8,8,8,8,8,8,8,8,8,8,8,8,8,8,8,8,8,0,29986,0,0,0,0,0,0,0,0]} 1. e4 c5 2. Nc3 a6 3. g3 b5 4. Bg2 Bb7 5. Nge2 e6 6. d4 cxd4 7. Nxd4 Nc6 {B43: Sicilian: Kan Variation: 5 Nc3.} 8. O-O Bc5 9. Nb3 Bb6 {[#] White is slightly better.} 10. Bf4 $146 ({Predecessor:} 10. Re1 Nge7 11. Be3 Bxe3 12. Rxe3 O-O 13. Qd6 Qb8 14. Rd3 Nc8 15. Qxb8 Rxb8 16. Rxd7 Nb6 17. Rdd1 Nb4 18. a3 Nxc2 19. Rac1 b4 20. Na2 Rbc8 21. axb4 Rc4 22. Na5 {1-0 (22) Simonian,H (2475)-Doluhanova,E (2266) Warsaw 2010}) 10... Na5 {[#]} ({Black should try} 10... Nge7 $14) 11. Nxa5 (11. Qg4 $1 $16 {[%cal Rg4g7]} g6 12. Nxa5 Bxa5 13. Bd6) 11... Bxa5 $14 12. Bd6 Bxc3 13. bxc3 Ne7 14. a4 bxa4 15. Rxa4 O-O 16. Qa1 a5 17. Qa3 Re8 18. Ra1 {[%cal Ra4a5]} Nc8 19. Bc5 {[%cal Ra4a5]} d6 20. Be3 {[%cal Ra4a5]} Nb6 21. Rxa5 {[#] Strongly threatening Bxb6.} Nc4 22. Rxa8 Qxa8 23. Qxa8 Rxa8 24. Rxa8+ Bxa8 {[%mdl 4096] Endgame KBB-KBN} 25. Bc1 e5 26. f4 f6 27. Bf1 d5 28. Bd3 g6 29. Kf2 Kf7 30. g4 exf4 31. Bxf4 Ke6 32. h4 Ne5 33. exd5+ Bxd5 34. Kg3 f5 (34... Bc6 $14) 35. gxf5+ $16 gxf5 36. Be3 (36. h5 $16) 36... Bc4 $11 37. Bxc4+ Nxc4 {KB-KN} 38. Bd4 Na3 39. Kf4 Nxc2 40. Bh8 Ne1 41. h5 Nd3+ 42. Ke3 Nc5 43. c4 Ne4 44. Kf4 Nd2 45. c5 Kd5 46. Kxf5 Kxc5 47. Bc3 Nc4 48. Ke6 Kc6 49. Kf7 Kd7 50. Kg7 Ke6 51. Kxh7 {Hoping for Kg6.} Kf7 52. Kh6 Nd6 53. Bb2 Ne4 54. Be5 Nf6 55. Bxf6 Kxf6 56. Kh7 Kf7 {The position is equal.} 57. h6 Kf8 58. Kg6 {Intending h7 and mate.} Kg8 59. h7+ Kh8 60. Kh6 {Accuracy: White = 87%, Black = 89%.} 1/2-1/2

[Event "91st GER-ch 2020"]
[Site "Magdeburg"]
[Date "2020.08.20"]
[Round "6.5"]
[White "Michalowski, Peter"]
[Black "Mueller, Dominik"]
[Result "1-0"]
[WhiteElo "2106"]
[BlackElo "2252"]
[Annotator "TA"]
[PlyCount "65"]
[EventDate "2020.08.16"]
[EventType "swiss"]
[EventCountry "GER"]
[SourceTitle "playchess.com"]
[Source "ChessBase"]
[SourceQuality "1"]

{[%evp 20,65,56,50,64,35,50,42,81,67,85,68,93,2,69,31,72,59,75,53,63,56,117,116,144,92,129,128,207,166,247,238,213,225,511,472,499,487,591,587,669,686,729,720,677,469,906,714]} 1. e4 c5 2. Nf3 g6 3. d4 cxd4 4. Nxd4 Bg7 5. Nc3 Nc6 6. Be3 Nf6 7. Bc4 O-O 8. Bb3 a5 9. O-O a4 10. Nxa4 Nxe4 11. Nb5 Ra6 {B35: Sicilian: Accelerated Dragon with 5 Nc3: main line.} 12. c4 d6 13. Qe2 Nf6 {White is slightly better.} 14. Rfd1 b6 15. f3 Nd7 {[#]} 16. Qf2 $146 (16. Rac1 $16) ({Predecessor:} 16. Rac1 Bb7 17. Nac3 Ra8 18. a3 Na7 19. Qf2 Nxb5 20. cxb5 Rc8 21. Bd5 Bxd5 22. Nxd5 Rxc1 23. Rxc1 {½-½ (59) Nieminen,K (2169)-Rantanen,Y (2345) Jyvaskyla 2003}) 16... Bb7 (16... Na5 $11) 17. Rd2 Nce5 18. Rc1 Bc6 19. Nac3 Nc5 20. Qe2 f5 ({Better is} 20... Nxb3 $14 21. axb3 Qd7) 21. Nd4 Bb7 22. Bc2 (22. Bd1 $142) 22... f4 23. Bf2 Qd7 {[#]} (23... Nc6 $16) 24. b4 $1 $18 Ne6 (24... Ra3 {keeps fighting.} 25. Ncb5 Rxa2) 25. Nxe6 Qxe6 {[#]} 26. Bb3 $1 Bxf3 $2 (26... Ra3 {was called for.} 27. Nb5 (27. Bxb6 d5 $18) 27... Rxb3 28. axb3 g5) 27. gxf3 {Threatens to win with c5.White is clearly winning.} Qh3 28. c5+ {[%mdl 64] Discovered Attack} e6 29. Bd1 Rf5 {...Rg5+ is the strong threat.} 30. Kh1 (30. Qxa6 Rg5+ 31. Bg3 fxg3 $18) 30... Rg5 {[%csl Gg5][%cal Rh3g2]} 31. Bd4 bxc5 32. bxc5 dxc5 (32... Nxf3 $142 33. Qxf3 (33. Qxa6 $2 {loses.} Nxd2 34. Bg4 Qxg4 $19) 33... Bxd4 34. Rxd4 {[%mdl 64] Double Attack} (34. Qxh3 $2 {is a self mate.} Rg1#) 34... Qxf3+ 35. Bxf3 Rxc5) 33. Ne4 {Accuracy: White = 69%, Black = 22%.} 1-0